| 000 | 00384nam a22001577a 4500 | ||
|---|---|---|---|
| 003 | OSt | ||
| 008 | 210723b ||||| |||| 00| 0 eng d | ||
| 020 | _a9789386221308 | ||
| 082 | _a292.5922 KHR | ||
| 100 | _aKHANNA,Shivnarayan | ||
| 245 | _aRashtriya Ekta Ka Sawal Sutra Ramcharitmanas | ||
| 260 |
_aNew Delhi _bManakin _c2018 |
||
| 300 | _a185 | ||
| 650 | _aMBA | ||
| 942 |
_2ddc _cBK |
||
| 999 |
_c10736 _d10736 |
||